• 首页
  • 本馆介绍
  • 公告通知
  • 最新文献
  • 馆藏检索
  • 电子资源
  • 读者导购
  • 参考咨询
  • 我的图书馆
  • 登录
  • 详细信息显示
  • 放入我的书架
  • 预约/预借图书
  • 作者相关作品
  • 分类相关作品
  • 丛书相关作品
  • 出版社相关作品

书目信息

  • 表格格式
  • 工作单格式
  • 卡片格式
题名:
中国古代体育
    
 
作者: 乔志霞 编著
分册:  
出版信息: 北京   中国商业出版社  2015
页数: 184页
开本: 23cm
丛书名: 中国传统民俗文化丛书
单 册:
中图分类: G812.92 , G812.9
科图分类:
主题词: 古代体育--研究--中国
电子资源:
ISBN: 978-7-5044-8617-2
000 00931oam2 2200265 450
001 2353811990
005 20231110104327.49
010    @a978-7-5044-8617-2@dCNY58.00
100    @a20160121d2015 em y0chiy50 ea
101 0  @achi
102    @aCN@b110000
105    @aa z 000yy
200 1  @a中国古代体育@Azhong guo gu dai ti yu@f乔志霞编著
210    @a北京@c中国商业出版社@d2015
215    @a184页@c图@d23cm
225 1  @a中国传统民俗文化丛书@i文化系列@f傅璇琮主编@v4
330    @a本书通过对中国古代体育的起源、在各朝代的发展以及与体育相关的重要事件和名人趣事的描写,旨在生动形象地给广大读者立体地展示中国古代体育的面貌,在为大家提供知识的同时,更注重其趣味性。
461  0 @12001 @a中国传统民俗文化丛书
462  0 @12001 @a文化系列
606 0  @a古代体育@x研究@y中国
690    @aG812.92@v5
690    @aG812.9@v4
701  0 @a乔志霞@Aqiao zhi xia@4编著
801  0 @aCN@b安徽时代@c20230923
905    @aBZT@dG812.9@e4
    
    中国古代体育/乔志霞编著.-北京:中国商业出版社,2015
    184页:图;23cm.-(中国传统民俗文化丛书.文化系列/傅璇琮主编;4)
    
    
    ISBN 978-7-5044-8617-2:CNY58.00
    本书通过对中国古代体育的起源、在各朝代的发展以及与体育相关的重要事件和名人趣事的描写,旨在生动形象地给广大读者立体地展示中国古代体育的面貌,在为大家提供知识的同时,更注重其趣味性。
●
相关链接 在五车中查询图书 在当当中查询图书 在豆瓣中查询图书


正题名:中国古代体育     索取号:G812.9/4         预约/预借

序号 登录号 条形码 馆藏地/架位号 状态 备注
1 2000932651   2000932651   315书库/四8架B面4层1列/ [索取号:G812.9/4] 在馆    
2 2000932652   2000932652   315书库/四8架B面4层1列/ [索取号:G812.9/4] 在馆    
3 2000932653   2000932653   315书库/四8架B面4层1列/ [索取号:G812.9/4] 在馆    
4 2000932654   2000932654   315书库/四8架B面4层1列/ [索取号:G812.9/4] 在馆    
5 2000932655   2000932655   315书库/四8架B面4层1列/ [索取号:G812.9/4] 在馆    
6 2000932656   2000932656   315书库/四8架B面4层1列/ [索取号:G812.9/4] 在馆    
山东省滨州职业学院图书馆 欢迎您!
大连网信软件有限公司© 版权所有